| 000 | 02007nam a2200289 i 4500 | ||
|---|---|---|---|
| 003 | DO-SdBNP | ||
| 005 | 20240305140538.0 | ||
| 007 | ta | ||
| 008 | 210602b 2020 dr 00| 0 eng d | ||
| 020 | _a9789945582925 | ||
| 040 |
_aDO-SdBNP _bspa _cBNPHU _erda |
||
| 082 | 4 |
_bG216e _222 |
|
| 100 | 1 |
_aGarcía, José Enrique, _d1948- _eautor _922487 |
|
| 245 | 1 | 0 |
_aEstas historias / _cJosé Enrique García. |
| 264 | 4 |
_aSanto Domingo : _bBanco Central de la República Dominicana, _c2020. |
|
| 300 |
_a 227 páginas ; _c23 cm. |
||
| 336 |
_2rdacontent _atexto _btxt |
||
| 337 |
_2rdamedia _asin mediación _bn |
||
| 338 |
_2rdacarrier _avolumen _bnc |
||
| 490 |
_aBanco Central de la República Dominicana _v276 |
||
| 490 |
_aArte y literatura _v103 |
||
| 500 | _aIncluye datos biográficos del autor en las solapas. | ||
| 505 | 0 |
_aPrólogo -- _tReconciliación con la quietud -- _tApego a las cosas -- _tExistencia de los otros -- _t Experiencia de la muerte -- _tVoz de la tierra -- _tDesnudo de su cuerpo -- _tDébiles compañías -- _tLas dos hermanas -- _tBailarina de la noche -- _tHijos de la noche -- _tPasos sin huellas -- _tLucrecia Alvarado -- _tLos sueños -- _tUna historia -- _tEl señor Inoa -- _tEl hoyo -- _tYa no llueve los lunes -- _tOficio de Ocio -- _tDolorosamente Sarita -- _tJuegos de villanos -- _tLa promesa -- _tHistorias yuxtapuestas -- _tMuerte vertical -- _tSacrifico de las cenizas -- _tEl hombre que vendía telas -- _tEl árbol de las garzas -- _tMujer de lejos -- _tLa mujer de todos -- _tCenizas de Cuaresma -- _tEl dolor del cuerpo -- _tHistoria deprisa -- _tHumo de carne -- _tEl guardador del camino -- _t El hombre que llegó un día -- _tEmeterio Santos -- _tEl extraño -- _tConrado -- _tLos años muertos -- _tLínea recta -- _tPesadilla del amanuense -- _tTal vez compañía -- _tNacer nomás -- _tLa otra -- _tUna historia, la otra -- _tDos hombres -- _tZeguí, el alemán -- _tDos veces hermanos. |
|
| 590 | _aInventariado, 2021 /LP | ||
| 910 | _aLopérez | ||
| 942 |
_2ddc _cLBS1 |
||
| 999 |
_c49865 _d49865 |
||